Closest country acrostics- S countries part 3 - Statistics

General Stats
  • This quiz has been taken 293 times
  • The average score is 59 of 75
Answer Stats
Hint Answer % Correct
A Australia
96%
O Oman
96%
I Iraq
91%
S Solomon Islands
91%
D Djibouti
90%
R Romania
90%
A Armenia
89%
B Bosnia and Herzegovina
89%
I Iran
89%
Y Yemen
89%
A Azerbaijan
88%
I Italy
88%
S Sierra Leone
88%
U United Arab Emirates
88%
A Albania
87%
G Gambia
87%
M Marshall Islands
87%
E Estonia
86%
S Slovakia
86%
A Algeria
85%
L Liberia
85%
N Niger
85%
S Syria
85%
B Bahrain
84%
E Eritrea
84%
E Ethiopia
83%
A Afghanistan
82%
H Hungary
82%
O Oman
82%
R Romania
82%
S Senegal
82%
I Indonesia
81%
S Slovenia
81%
L Liberia
80%
O Oman
80%
R Rwanda
80%
C Comoros
79%
E Equatorial Guinea
79%
N Niger
79%
O Oman
79%
I Italy
78%
S Somalia
78%
A Austria
77%
E Egypt
77%
E Equatorial Guinea
77%
A Albania
76%
A Angola
76%
E Egypt
76%
E Ethiopia
76%
I Italy
76%
O Oman
76%
L Liechtenstein
75%
V Vatican City
75%
V Vatican City
75%
K Kosovo
74%
A Austria
73%
E Egypt
73%
E Estonia
73%
I Italy
73%
N Nepal
72%
A Albania
71%
A Argentina
71%
L Liechtenstein
71%
R Republic of the Congo
71%
L Lesotho
69%
P Philippines
69%
A Afghanistan
68%
E East Timor
67%
S San Marino
67%
S Sri Lanka
67%
N Netherlands
64%
S South Sudan
64%
R Rwanda
61%
L Lebanon
60%
G Georgia
59%
No matching quizzes found
Score Distribution
Percent of People with Each Score
Percentile by Number Answered
Your Score History
You have not taken this quiz